PSG 5 - 0 Inter (UCL 2025) - Statistiques

Statistiques générales
  • Ce quiz a été pris 82 fois
  • Le résultat moyen est 27 sur 34
Statistiques - réponses
Poste Pays Joueur % Correct
Latéral droit Achraf Hakimi
100%
Avant-centre Ousmane Dembélé
100%
Gardien de but Gianluigi Donnarumma
99%
Milieu central Vitinha
99%
Défenseur central Willian Pacho
99%
Ailier droit (66') Désiré Doué
97%
Milieu gauche (84') Fabián Ruiz
97%
Défenseur central Marquinhos
97%
Latéral gauche (78') Nuno Mendes
97%
Avant-centre remplaçant (84') Gonçalo Ramos
96%
Ailier gauche remplaçant (66') Bradley Barcola
94%
Milieu droit (84') João Neves
94%
Coach Luis Enrique
94%
Gardien de but Yann Sommer
93%
Défenseur central droit (53') Benjamin Pavard
90%
Avant-centre Marcus Thuram
90%
Milieu gauche remplaçant (84') Senny Mayulu
90%
Avant-centre Lautaro Martínez
87%
Latéral droit Denzel Dumfries
85%
Ailier gauche (84') Khvicha Kvaratskhelia
84%
Défenseur central gauche Alessandro Bastoni
79%
Latéral gauche (53') Federico Dimarco
78%
Latéral gauche remplaçant (78') Lucas Hernández
78%
Défenseur central Francesco Acerbi
76%
Milieu central Nicolò Barella
76%
Milieu droit remplaçant (84') Warren Zaïre-Emery
76%
Coach Simone Inzaghi
69%
Milieu défensif (70') Hakan Çalhanoğlu
68%
Milieu central (62') Henrikh Mkhitaryan
59%
Défenseur central droit remplaçant (53', 62') Yann Bisseck
44%
Latéral gauche remplaçant (62') Carlos Augusto
28%
Latéral droit remplaçant (62') Matteo Darmian
25%
Milieu gauche remplaçant (53') Nicola Zalewski
25%
Milieu défensif remplaçant (70') Kristjan Asllani
22%
Aucun quiz correspondant
Distribution des résultats
% des personnes avec chaque résultat
Percentile par nombre de réponses
Votre historique - résultats
Vous n’avez pas pris ce quiz